Statystyki dla Imiona męskie na F

Kliknij tutaj aby rozwiązać quiz!

Ogólne statystyki

  • Ten quiz został rozwiązany 602 razy
    (566 od ostatniego zresetowania)
  • Średni wynik to 4 z 10

Statystyki odpowiedzi

HintOdpowiedź% Poprawnych
5-literoweFilip
85%
10-literoweFranciszek
80%
6-literoweFabian
52%
6-literoweFranek
49%
6-literoweFeliks
43%
7-literoweFlorian
42%
8-literoweFryderyk
35%
7-literoweFilemon
20%
5-literoweFelix
16%
5-literoweFrisk
2%

Rozkład punktacji

Percentyl według liczby udzielonych odpowiedzi

Procent ludzi z każdym wynikiem

Twoja historia wyników

Nie rozwiązałeś tego quizu od ostatniego zresetowania